| 000 | 00342nam a2200133Ia 4500 | ||
|---|---|---|---|
| 008 | 240624s9999 xx 000 0 und d | ||
| 041 | _aeng | ||
| 082 | _a658.15 KRU | ||
| 100 | _aKRUSCHWITZ LUTZ | ||
| 245 | _aDISCOUNTED CASH FLOW A THEORY OF THE VAL | ||
| 260 |
_c2005 _aChichester _bJohn Wiley & Sons |
||
| 300 | _a178 : p. | ||
| 365 |
_c _b30 |
||
| 999 |
_c20269 _d20269 |
||